राजनीतिक सिद्धांत के नवीन पक्ष / (Record no. 197902)

MARC details
000 -LEADER
fixed length control field 00863nam a22001937a 4500
005 - DATE AND TIME OF LATEST TRANSACTION
control field 20230906125020.0
010 ## - LCCN (DPL NO)
LC control number HIN-125830
020 ## - INTERNATIONAL STANDARD BOOK NUMBER
Terms of availability 6 50.00
International Standard Book Number 9789381234808
035 ## - SYSTEM CONTROL NUMBER
System control number HN-98176
037 ## - SOURCE OF ACQUISITION
Source of stock number/acquisition DBAD/PUB
082 ## - DEWEY DECIMAL CLASSIFICATION NUMBER
Classification number 340.1
100 ## - MAIN ENTRY--PERSONAL NAME
Personal name त्रिपाठी, श्रीप्रकाश मणि
245 ## - TITLE STATEMENT
Title राजनीतिक सिद्धांत के नवीन पक्ष /
Statement of responsibility, etc श्रीप्रकाश मणि त्रिपाठी
260 ## - PUBLICATION, DISTRIBUTION, ETC. (IMPRINT)
Place of publication, distribution, etc दिल्ली
Name of publisher, distributor, etc अंकित पब्लिकेशन्स
Date of publication, distribution, etc 2018
270 ## - ADDRESS
Address आर -69, तीसरा तल, मॉडल टाउन-3
City दिल्ली
Postal code 110009
300 ## - PHYSICAL DESCRIPTION
Extent 230 पृ.
Dimensions 23 सेमी.(सजिल्द)
710 ## - ADDED ENTRY--CORPORATE NAME
9 (RLIN) 55954
942 ## - ADDED ENTRY ELEMENTS (KOHA)
Source of classification or shelving scheme Dewey Decimal Classification
Item type Hindi Books
Call number suffix त्रिपाठी
Classification part 340.1
Holdings
Withdrawn status Lost status Not for loan Collection code Home library Current library Date acquired Source of acquisition Cost, normal purchase price Full call number Barcode Copy number Cost, replacement price Koha item type
      Non-fiction Mobile Library Mobile Library 06/09/2023 DBAD/PUB 650.00 त्रिपाठी 340.1 HN-98176 1 650.00 Hindi Books

© Delhi Public Library
Hit Counter
free hit counter